Logo BPK

Biblioteka

Politechniki Koszalińskiej

Wstęp do dydaktyki przedmiotów zawodowych / (Rekord nr 31137)

Szczegóły MARC
000 -ETYKIETA REKORDU
podpole kontrolne o stałej długości 00704nam a2200217 i 4500
001 - NUMER KONTROLNY REKORDU
pole kontrolne bg
020 ## - MIĘDZYNARODOWY ZNORMALIZOWANY NUMER KSIĄŻKI - ISBN
ISBN 8386148322 (ITE)
040 ## - ŹRÓDŁO KATALOGOWANIA
Instytucja, która utworzyła rekord BPK
041 0# - KOD JĘZYKA
Kod języka tekstu pl
080 ## - UNIWERSALNA KLASYFIKACJA DZIESIĘTNA - UKD
UKD 377:371.3](07)
920 ## - Międzynarodowy znormalizowany numer książki – ISBN
ISBN 83-86148-32-2 (ITE)
008 - POLE O STAŁEJ DŁUGOŚCI - DANE KONTROLNE
podpole kontrolne o stałej długości s pl f |000 0 pol
100 1# - NAZWA OSOBOWA
Nazwa osobowa SZLOSEK, Franciszek
245 10 - TYTUŁ/ODPOWIEDZIALNOŚĆ
Tytuł Wstęp do dydaktyki przedmiotów zawodowych /
Pozostałe elementy strefy tytułu i oznaczenia odpowiedzialności Franciszek Szlosek.
260 ## - STREFA ADRESU WYDAWNICZEGO
Miejsce wydania Radom :
Nazwa wydawcy/dystrybutora Wydział Nauczycielski Wyższej Szkoły Inżynierskiej im. K[azimierza] Pułaskiego :
-- Instytut Technologii Eksploatacji,
Data publikacji, dystrybucji/powstania dokumentu 1995.
300 ## - STREFA OPISU FIZYCZNEGO
Objętość 216, [1] s. ;
Rozmiary 24 cm.
504 ## - UWAGA DOTYCZĄCA BIBLIOGRAFII
Informacje o bibliografii Bibliogr. 213-217.
650 #9 - HASŁO PRZEDMIOTOWE W FORMIE NAZWY OGÓLNEJ LUB JEDNOSTKOWEJ
Nazwa ogólna lub geograficzna Szkolnictwo zawodowe
Określnik ogólny nauczanie
655 ## - TERMIN INDEKSOWY - OKREŚLENIE RODZAJU/FORMY DOKUMENTU
Określenie rodzaju/formy dokumentu Podręczniki
856 ## - LOKALIZACJA I DOSTĘP DO ELEKTRONICZNYCH DOKUMENTÓW ZDALNYCH
Link (URL) http://koha.tu.koszalin.pl/cgi-bin/koha/opac-detail.pl?biblionumber=31137
Tekst linku Katalog online BPK
942 ## - DODATKOWE ELEMENTY (KOHA)
Typ dokumentu Książka
Egzemplarze
Wycofany Status egzemplarza Uszkodzony Dostępność Lokalizacja stała Lokalizacja bieżąca Miejsce przechowywania Sygnatura Kod kreskowy Dział Typ dokumentu
      Tylko na miejscu Biblioteka Politechniki Koszalińskiej Biblioteka Politechniki Koszalińskiej Czytelnia BG 38243 01178487 37 Oświata. Pedagogika. Wychowanie. Szkolnictwo Książka
      Dostępny Biblioteka Politechniki Koszalińskiej Biblioteka Politechniki Koszalińskiej Wypożyczalnia BG 38244 01120646   Książka
© 2023 Biblioteka Politechniki Koszalińskiej :: KOHA